000 002540000a22000970004500
100 1 _aRitchie, Bruce
245 1 0 _aTheological logic
300 _aVol. 4, Num. 2 (1986), Páginas 109-122
773 0 _tScottish Bulletin of Evangelical Theology
942 _cANA
999 _c55670
_d55670